FIFA World Cup 2018 Trivia (Difficult) - Statistics

General Stats
  • This quiz has been taken 78 times
  • The average score is 32 of 67
Answer Stats
Hint Answer % Correct
Champions France
100%
Host Country Russia
99%
Runners-up Croatia
94%
Third Place Belgium
90%
Team with Most Goals Scored Belgium
90%
Fourth Place England
90%
Players to get 2 Assists Ever Banega/Lionel Messi/Kevin De Bruyne/Eden Hazard/Thomas Meunier/Youri Tielemans/Philippe Coutinho/Juan Fernando Quintero/James Rodriguez/Antoine Griezmann/Lucas Hernandez/Artem Dzyuba/Aleksandr Golovin/Viktor Claesson/Wahbi Khazri/Carlos Sanchez
86%
Best Young Player Award Kylian Mbappe
83%
4 Goals Kylian Mbappe
83%
Youngest Goalscorer Kylian Mbappe
83%
Forward Kylian Mbappe
83%
Winning Manager/Coach Didier Deschamps
80%
3 Clean Sheets Hugo Lloris
74%
Golden Boot Award Harry Kane
72%
6 Goals Harry Kane
72%
Forward Harry Kane
72%
Forward Harry Kane
72%
Golden Ball Award Luka Modric
72%
Midfielder Luka Modric
72%
Midfielder Luka Modric
72%
4 Goals Antoine Griezmann
70%
Forward Antoine Griezmann
70%
Golden Glove Award Thibaut Courtois
67%
3 Clean Sheets Thibaut Courtois
67%
Goalkeeper Thibaut Courtois
67%
Goalkeeper Thibaut Courtois
67%
Goal of the Tournament Benjamin Pavard
62%
4 Goals Cristiano Ronaldo
62%
Forward Cristiano Ronaldo
62%
3 Goals Eden Hazard
54%
Forward Eden Hazard
54%
Name a City that hosted a match that is not Moscow /Saint Petersburg Kaliningrad/Nizhny Novgorod/Kazan/Yekaterinburg /Saransk/Samara/Volgograd /Rostov-on-don/Sochi
54%
Last Goalscorer of the Tournament Mario Mandzukic
52%
3 Goals Mario Mandzukic
52%
4 Goals Romelu Lukaku
52%
Defender Raphael Varane
51%
Defender Raphael Varane
51%
Midfielder Kevin De Bruyne
45%
3 Goals Ivan Perisic
43%
Team with Most Goals Conceded Panama
36%
3 Goals Artem Dzyuba
26%
4 Goals Denis Cheryshev
25%
Midfielder Denis Cheryshev
25%
Team with Least Goals Conceded Denmark/Iran/Peru
25%
FIFA Fair Play Trophy Spain
25%
3 Clean Sheets Alisson
22%
Official Mascot Zabivaka
20%
Total Goals Scored 169
17%
Final Stadium Name Luzhniki Stadium
17%
3 Goals Edinson Cavani
16%
Defender Thiago Silva
14%
Defender Thiago Silva
14%
First Goalscorer of the Tournament Yury Gazinsky
14%
Coca-Cola Promotional Anthem Colors
13%
3 Goals Diego Costa
13%
Official Song Live It Up
10%
Midfielder Philippe Coutinho
10%
Midfielder Philippie Coutinho
10%
Official match ball Telstar 18
10%
3 Clean Sheets Fernando Muslera
9%
3 Clean Sheets Robin Olsen
7%
3 Goals Yerry Mina
7%
Defender Yerry Mina
7%
Defender Diego Godin
6%
Defender Marcelo
6%
Oldest Goalscorer Felipe Baloy
4%
Defender Andreas Granqvist
3%
No matching quizzes found
Score Distribution
Percent of People with Each Score
Percentile by Number Answered
Your Score History
You have not taken this quiz